00598 a2200193 450000100060000002000150000604000240002110000210004524000300006624500250009630000070012136200090012844000120013765000310014994200070018095201030018795200970029099900170038744240 a8516031160 cAnchieta - Aquarius aBelinky, Tatiana10aSaladinha de queixaslpor10aSaladinha de queixas a310 a2002 1aModerna 4aLiteratura infanto-juvenil cBK 00104070a87.1b87.1d2023-11-21l0o028.5 BEL SALp249/AQUr2023-11-21 15:09:59w2023-11-21yBK 00102ddc4070a57.2b57.2d2024-07-10l0pif1058r2024-07-10 11:57:20w2024-07-10yBKzSu c44240d44240